Responses for Show #425 - Friday, April 25, 1986

Contestants

[<< previous game]

Charles Goldstein, a medical student from Guadalajara, Mexico

Vicki Linnane, a secretary from Chicago, Illinois

Warren Harshbarger, an actor and a movie reviewer from Portland, Oregon (whose 1-day cash winnings total $6,195)

[next game >>]

Jeopardy! Round responses

THE 1870s
TV ADS
FISH
WORLD LEADERS
"CON"s
CHRISTMAS SONGS
    $100 20
one penny

Charles
    $100 1
800

Warren
    $100 22
scales

Vicki
    $100 15
Princess Diana

Vicki
    $100 10
a convent

Vicki
    $100 5
(Charles: What is a choral?)
(Warren: What is a chorale?)
...
(Alex: What we are going for here is what is a [*], as in Christmas [*].)

a carol

WarrenCharles
Triple Stumper
    $200 27
buffalo (bisons)

Vicki
    $200 2
"my dog Spot"

Triple Stumper
    $200 23
(Alex: We've got about a minute to go in this round.)

a Fanta

Charles
    $200 16
Khrushchev

Charles
    $200 11
(Alex: I heard somebody in the audience give it. What is [*]? Be careful in the audience, ladies and gentlemen, please. We're gonna take a commercial break right now, and during these couple of minutes, we'll go into the audience and beat that person within an inch of his life.)

conscription

Triple Stumper
    $200 6
"O Come, All Ye Faithful"

Vicki
    $300 28
[The end-of-round signal sounds.]

Boss Tweed

Charles
    $300 3
Mr. Clean

Warren
    $300 24
breathe in air

Charles
    $600 17
the Ayatollah Khomeini

Charles
    $300 12
a contraption

Vicki
    $300 7
"My Two Front Teeth"

Vicki
    $400 4
Rodney Allen Rippy

Vicki
    $400 25
sharks

Triple Stumper
    $400 18
Anwar Sadat

Charles
    $400 13
a concession

Vicki
    $400 8
"Reindeer"

Vicki
    $500 21
Lay's potato chips

Charles
    $500 26
(Alex: Joy to you and me.)

Three Dog Night

Vicki
    $500 19
(José Napoleón) Duarte

Vicki
    $500 14
a conniption (or convulsion)

Charles
    $500 9
"O Holy Night"

Vicki

Scores at the first commercial break (after clue 11):

Warren Vicki Charles
$300 $1,900 -$100

Scores at the end of the Jeopardy! Round:

Warren Vicki Charles
$300 $4,000 $3,000

Double Jeopardy! Round responses

ENGLISH LITERATURE
COMEDIANS
WEAPONS
BUSINESS TRIVIA
NEW YORK STATE
BREAD
    $200 6
Paris & London

Warren
    $200 1
Flip Wilson

Warren
    $200 11
a torpedo

Charles
    $200 16
Catholics & Jews

Vicki
    $200 19
Christopher Columbus

Charles
    $400 7
King Arthur

Triple Stumper
    $400 2
Gene Wilder

Warren
    $400 12
a gunfight

Vicki
    $400 17
the New York Stock Exchange

Warren
    $600 8
1984

Warren
    $600 3
political satire

Warren
    $600 13
a stiletto

Charles
    $600 18
(Charles: What is expressway?)

a Thruway

WarrenCharles
    $800 9
Lord Byron

Triple Stumper
    $800 4
Lily Tomlin

Warren
    $2,000 14
(Charles: What is, uh, [**]?)

the bomb (A-bomb, H-bomb)

Charles
    $1,200 20
(2 of) FDR, Martin Van Buren, Teddy Roosevelt, or Grover Cleveland

Charles
    $800 22
(Charles: What is landlord?)
(Warren: What is well-bred?)

lord

WarrenCharles
Triple Stumper
    $1000 10
George Eliot

Vicki
    $1000 5
[Applause for Warren's run of the category]

W.C. Fields

Warren
    $1000 15
scimitar

Triple Stumper
    $1000 21
(Charles: What is the Military Academy? the Army?)
...
(Alex: We've got less than a minute to go in the round.)

the U.S. Merchant Marine Academy

Charles
Triple Stumper
    $1000 23
(Alex: Famous for a lot of breakfast foods, I suppose. [*].)
[The end-of-round signal sounds.]

General Mills

Triple Stumper

Scores at the end of the Double Jeopardy! Round:

Warren Vicki Charles
$4,300 $5,600 $4,800

[wagering suggestions for these scores]

Final Jeopardy! Round responses

MAN IN SPACE
(Alex: We have the Kennedy Space Center, of course, the Baikonur Cosmodrome in the Soviet Union,
and Vandenberg, which makes it [*].)
WarrenWhat is 1 6?
$4,300
CharlesWhat is 3
$4,450
VickiWhat is 3?
$0
3

Final scores:

Warren Vicki Charles
$0 $5,600 $9,250
3rd place: WhiteWestinghouse refrigerator/freezer 2nd place: trip to The Breakers of Fort Walton Beach, Florida New champion: $9,250

Game dynamics:

Coryat scores:

Warren Vicki Charles
$4,300 $5,600 $2,900
11 R,
2 W
16 R,
0 W
14 R
(including 3 DDs),
4 W

Combined Coryat: $12,800

[game clues] [game scores] [suggest correction]

Game tape date: 1985-12-02
The J! Archive is created by fans, for fans. Scraping, republication, monetization, and malicious use prohibited; this site may use cookies and collect identifying information. See terms. The Jeopardy! game show and all elements thereof, including but not limited to copyright and trademark thereto, are the property of Jeopardy Productions, Inc. and are protected under law. This website is not affiliated with, sponsored by, or operated by Jeopardy Productions, Inc. Join the discussion at JBoard.tv.